चर्मरोगः (Record no. 162993)

MARC details
000 -LEADER
fixed length control field 01227nam a22002177a 4500
005 - DATE AND TIME OF LATEST TRANSACTION
control field 20200717121831.0
010 ## - LCCN (DPL NO)
LC control number 1819HN15 HIN-118717 B-734071-075
020 ## - INTERNATIONAL STANDARD BOOK NUMBER
Terms of availability 500.00
International Standard Book Number 8190167626
035 ## - SYSTEM CONTROL NUMBER
System control number HN-91063
035 ## - SYSTEM CONTROL NUMBER
System control number B-734071-075
037 ## - SOURCE OF ACQUISITION
Source of stock number/acquisition आकाश गंगा पब्लिकेशन
082 ## - DEWEY DECIMAL CLASSIFICATION NUMBER
Classification number 616
100 ## - MAIN ENTRY--PERSONAL NAME
Personal name वार्ष्णेय, ए.के.
245 ## - TITLE STATEMENT
Title चर्मरोगः
Remainder of title प्राकृतिक चिकित्सा /
Statement of responsibility, etc ए.के. वार्ष्णेय
260 ## - PUBLICATION, DISTRIBUTION, ETC. (IMPRINT)
Place of publication, distribution, etc दिल्ली
Name of publisher, distributor, etc आकाश गंगा पब्लिकेशन
Date of publication, distribution, etc 2020
270 ## - ADDRESS
Address 30/83, गली नं. 7, विश्वास नगर, शाहदरा,
City दिल्ली
Postal code 110032
300 ## - PHYSICAL DESCRIPTION
Extent 158पृ.
Dimensions 22सेमी (सजिल्द)
500 ## - GENERAL NOTE
General note AIRPORT
942 ## - ADDED ENTRY ELEMENTS (KOHA)
Source of classification or shelving scheme Dewey Decimal Classification
Item type Hindi Books
Call number suffix वार्ष्णेय
Classification part 616
Holdings
Withdrawn status Lost status Not for loan Collection code Home library Current library Date acquired Source of acquisition Cost, normal purchase price Full call number Barcode Copy number Cost, replacement price Koha item type Public note
      Non-fiction Central Library Central Library 16/03/2020 DBAD/PUB 400.00 616 वार्ष्णेय HN-91063 1 400.00 Hindi Books  
      Non-fiction Mobile Library Mobile Library 17/07/2020 आकाश गंगा पब्लिकेशन/160/04.03.2020/74/26.02.2020/11.03.2020 500.00 616 वार्ष्णेय B-734071 5 500.00 Hindi Books AAI(CSR)
      Non-fiction Mobile Library Mobile Library 17/07/2020 आकाश गंगा पब्लिकेशन/160/04.03.2020/74/26.02.2020/11.03.2020 500.00 616 वार्ष्णेय B-734072 5 500.00 Hindi Books AAI(CSR)
      Non-fiction Mobile Library Mobile Library 17/07/2020 आकाश गंगा पब्लिकेशन/160/04.03.2020/74/26.02.2020/11.03.2020 500.00 616 वार्ष्णेय B-734073 5 500.00 Hindi Books AAI(CSR)
      Non-fiction Mobile Library Mobile Library 17/07/2020 आकाश गंगा पब्लिकेशन/160/04.03.2020/74/26.02.2020/11.03.2020 500.00 616 वार्ष्णेय B-734074 5 500.00 Hindi Books AAI(CSR)
      Non-fiction Mobile Library Mobile Library 17/07/2020 आकाश गंगा पब्लिकेशन/160/04.03.2020/74/26.02.2020/11.03.2020 500.00 616 वार्ष्णेय B-734075 5 500.00 Hindi Books AAI(CSR)

© Delhi Public Library
Hit Counter
free hit counter